[Event "CZE-chT2C 2223"]
[Site "Czech Republic"]
[Date "2023.02.19"]
[Round "9.4"]
[White "Vrkota, Milos"]
[Black "Dalecky, Bretislav"]
[Result "1/2-1/2"]
[WhiteElo "2093"]
[BlackElo "2070"]
[PlyCount "64"]
[EventDate "2022.10.16"]
[EventType "team-tourn"]
[EventRounds "11"]
[EventCountry "CZE"]
[SourceTitle "EXT 2024"]
[Source "ChessBase"]
[SourceDate "2023.10.10"]
[SourceVersion "1"]
[SourceVersionDate "2023.10.10"]
[SourceQuality "1"]
[WhiteTeam "Kutna Hora"]
[BlackTeam "Ceska Lipa"]
[WhiteTeamCountry "CZE"]
[BlackTeamCountry "CZE"]

1. e4 c5 2. Nc3 Nc6 3. f4 e6 4. Nf3 a6 5. a4 Rb8 6. Bc4 Qc7 7. d3 d6 8. 0-0 Nge7 9. f5 h6 10. fxe6 Bxe6 11. Nd5 Bxd5 12. exd5 Na5 13. Qe1 Nxc4 14. dxc4 Kd8 15. Bd2 Ng6 16. Bc3 f6 17. Qe4 Qf7 18. h4 Qe8 19. Qf5 Kc7 20. Rae1 Ne5 21. b4 cxb4 22. Bd4 b6 23. a5 bxa5 24. Nxe5 fxe5 25. c5 Qd7 26. Qxd7+ Kxd7 27. c6+ Ke8 28. Ba7 Rc8 29. Ra1 Be7 30. Rxa5 Bd8 31. Rxa6 Rf8 32. Rxf8+ Kxf8 1/2-1/2

[Event "CZE-chT2C 2223"]
[Site "Czech Republic"]
[Date "2023.02.05"]
[Round "8.6"]
[White "Svejk, Martin"]
[Black "Vrkota, Milos"]
[Result "0-1"]
[WhiteElo "1995"]
[BlackElo "2093"]
[PlyCount "48"]
[EventDate "2022.10.16"]
[EventType "team-tourn"]
[EventRounds "11"]
[EventCountry "CZE"]
[SourceTitle "EXT 2024"]
[Source "ChessBase"]
[SourceDate "2023.10.10"]
[SourceVersion "1"]
[SourceVersionDate "2023.10.10"]
[SourceQuality "1"]
[WhiteTeam "Mlada Boleslav"]
[BlackTeam "Kutna Hora"]
[WhiteTeamCountry "CZE"]
[BlackTeamCountry "CZE"]

1. d4 d5 2. c4 c6 3. Nf3 Nf6 4. Nc3 e6 5. e3 Nbd7 6. cxd5 cxd5 7. Bb5 Bd6 8. 0-0 0-0 9. Re1 Ne4 10. Nxe4 dxe4 11. Nd2 f5 12. Qb3 Nf6 13. Bc4 Bxh2+ 14. Kf1 Qd6 15. g3 Bxg3 16. fxg3 Qxg3 17. Ke2 Qg4+ 18. Kf2 Qh4+ 19. Ke2 Qh5+ 20. Kf1 Ng4 21. Ke2 Nh2+ 22. Kf2 Nf3 23. Rd1 Qh2+ 24. Kf1 Qg1+ 0-1

[Event "CZE-chT2D 1819"]
[Site "Czech Republic"]
[Date "2018.12.16"]
[Round "5.6"]
[White "Vrkota, Milos"]
[Black "Sykora, Josef"]
[Result "1/2-1/2"]
[WhiteElo "2075"]
[BlackElo "2058"]
[PlyCount "22"]
[EventDate "2018.10.14"]
[EventType "team-tourn"]
[EventRounds "11"]
[EventCountry "CZE"]
[SourceTitle "EXT 2022"]
[Source "ChessBase"]
[SourceDate "2021.10.06"]
[SourceVersion "1"]
[SourceVersionDate "2021.10.06"]
[SourceQuality "1"]
[WhiteTeam "Kutna Hora"]
[BlackTeam "Pardubice Rapid"]
[WhiteTeamCountry "CZE"]
[BlackTeamCountry "CZE"]

1. e4 d5 2. exd5 Qxd5 3. Nc3 Qa5 4. d4 Nf6 5. Nf3 Bg4 6. h3 Bxf3 7. Qxf3 c6 8. g4 e6 9. Bg2 Nbd7 10. 0-0 Be7 11. Bf4 0-0 1/2-1/2

[Event "CZE-chT2D 1819"]
[Site "Czech Republic"]
[Date "2018.11.04"]
[Round "2.4"]
[White "Vrkota, Milos"]
[Black "Maslikova, Veronika"]
[Result "1/2-1/2"]
[WhiteElo "2075"]
[BlackElo "2249"]
[PlyCount "25"]
[EventDate "2018.10.14"]
[EventType "team-tourn"]
[EventRounds "11"]
[EventCountry "CZE"]
[SourceTitle "EXT 2022"]
[Source "ChessBase"]
[SourceDate "2021.10.06"]
[SourceVersion "1"]
[SourceVersionDate "2021.10.06"]
[SourceQuality "1"]
[WhiteTeam "Kutna Hora"]
[BlackTeam "Brno Moravska Slavia II"]
[WhiteTeamCountry "CZE"]
[BlackTeamCountry "CZE"]

1. e4 c5 2. Nc3 d6 3. f4 Nc6 4. Nf3 g6 5. Bc4 Bg7 6. 0-0 e6 7. f5 Na5 8. Bb5+ Bd7 9. fxe6 fxe6 10. Bxd7+ Qxd7 11. d4 cxd4 12. Nxd4 a6 13. Bg5 1/2-1/2

[Event "CZE-chT rap"]
[Site "Pardubice"]
[Date "2016.07.15"]
[Round "2.1"]
[White "Sodoma, Jan"]
[Black "Vrkota, Milos"]
[Result "1-0"]
[WhiteElo "2353"]
[BlackElo "2055"]
[PlyCount "55"]
[EventDate "2016.07.14"]
[EventType "team-swiss"]
[EventRounds "7"]
[EventCountry "CZE"]
[SourceTitle "EXT 2017"]
[Source "ChessBase"]
[SourceDate "2016.10.25"]
[SourceVersion "1"]
[SourceVersionDate "2016.10.25"]
[SourceQuality "1"]
[WhiteTeam "Turnov Zikuda"]
[BlackTeam "Kutna Hora"]
[WhiteTeamCountry "CZE"]
[BlackTeamCountry "CZE"]

1. d4 d5 2. Nf3 Nf6 3. c4 c6 4. e3 e6 5. Nbd2 Nbd7 6. Bd3 Bd6 7. 0-0 0-0 8. e4 e5 9. cxd5 cxd5 10. Re1 dxe4 11. Nxe4 Nxe4 12. Rxe4 f5 13. Re1 e4 14. Bc4+ Kh8 15. Ng5 Qe8 16. Qb3 Qh5 17. h3 Nf6 18. Nf7+ Rxf7 19. Bxf7 Qh4 20. Bd5 Bd7 21. Be6 Ng4 22. hxg4 Qh2+ 23. Kf1 Bxe6 24. Qxe6 Qh1+ 25. Ke2 Qxg2 26. Be3 Bb4 27. Qxf5 Rf8 28. Rg1 1-0

[Event "CZE-chT2C 1516"]
[Site "Czech Republic"]
[Date "2016.04.03"]
[Round "10.8"]
[White "Vrkota, Milos"]
[Black "Valtr, Tomas"]
[Result "1-0"]
[WhiteElo "2048"]
[BlackElo "1922"]
[PlyCount "51"]
[EventDate "2015.10.18"]
[EventType "team-tourn"]
[EventRounds "11"]
[EventCountry "CZE"]
[SourceTitle "EXT 2022"]
[Source "ChessBase"]
[SourceDate "2021.10.06"]
[SourceVersion "1"]
[SourceVersionDate "2021.10.06"]
[SourceQuality "1"]
[WhiteTeam "Kutna Hora"]
[BlackTeam "Lysa nad Labem IV"]
[WhiteTeamCountry "CZE"]
[BlackTeamCountry "CZE"]

1. e4 c6 2. f4 d5 3. Nc3 dxe4 4. Nxe4 Nf6 5. Nf2 Qa5 6. Nf3 e6 7. c3 Nbd7 8. d4 c5 9. Nd3 cxd4 10. Nxd4 a6 11. Be2 g6 12. 0-0 Bg7 13. Bf3 0-0 14. Be3 Nd5 15. Bf2 Ne7 16. Qe2 Nf5 17. Nb3 Qc7 18. Rfe1 Rb8 19. Rad1 b6 20. g4 Nd6 21. Bg3 Bb7 22. f5 Bxf3 23. Qxf3 e5 24. Nb4 Nc5 25. f6 Bh8 26. Nd5 1-0

[Event "CZE-chT2C 1516"]
[Site "Czech Republic"]
[Date "2016.03.13"]
[Round "9.6"]
[White "Rehak, Pavel"]
[Black "Vrkota, Milos"]
[Result "1-0"]
[WhiteElo "2172"]
[BlackElo "2048"]
[PlyCount "43"]
[EventDate "2015.10.18"]
[EventType "team-tourn"]
[EventRounds "11"]
[EventCountry "CZE"]
[SourceTitle "EXT 2022"]
[Source "ChessBase"]
[SourceDate "2021.10.06"]
[SourceVersion "1"]
[SourceVersionDate "2021.10.06"]
[SourceQuality "1"]
[WhiteTeam "Praha Bohemians"]
[BlackTeam "Kutna Hora"]
[WhiteTeamCountry "CZE"]
[BlackTeamCountry "CZE"]

1. e4 c6 2. d4 d5 3. e5 Bf5 4. Ne2 e6 5. Ng3 Bg6 6. h4 h6 7. h5 Bh7 8. Bd3 Bxd3 9. Qxd3 c5 10. c3 Qb6 11. 0-0 Nd7 12. f4 Ne7 13. Nd2 cxd4 14. cxd4 g6 15. Kh2 Nf5 16. hxg6 fxg6 17. Nxf5 gxf5 18. g4 fxg4 19. Qg6+ Kd8 20. Qxg4 Kc7 21. Nb3 Be7 22. Bd2 1-0

[Event "CZE-chT2C 1213"]
[Site "Czech Republic"]
[Date "2013.03.24"]
[Round "11.6"]
[White "Melich, Jindrich"]
[Black "Vrkota, Milos"]
[Result "1/2-1/2"]
[WhiteElo "2089"]
[BlackElo "2068"]
[PlyCount "144"]
[EventDate "2012.10.14"]
[EventType "team-tourn"]
[EventRounds "11"]
[EventCountry "CZE"]
[SourceTitle "EXT 2015"]
[Source "ChessBase"]
[SourceDate "2014.11.20"]
[SourceVersion "1"]
[SourceVersionDate "2014.11.20"]
[SourceQuality "1"]
[WhiteTeam "Pankrac II"]
[BlackTeam "Kutna Hora"]
[WhiteTeamCountry "CZE"]
[BlackTeamCountry "CZE"]

1. b4 d5 2. Bb2 c6 3. e3 Bf5 4. c4 e6 5. Nf3 Nf6 6. a3 Nbd7 7. d4 Bd6 8. Bd3 Bxd3 9. Qxd3 dxc4 10. Qxc4 0-0 11. 0-0 Qc7 12. Nbd2 e5 13. h3 Rfe8 14. Qc2 exd4 15. Bxd4 Nd5 16. Ng5 g6 17. Nc4 Be7 18. Nf3 Bf6 19. Rfd1 Bxd4 20. Rxd4 Rad8 21. Rad1 N7f6 22. Na5 Rc8 23. e4 Nf4 24. e5 N6d5 25. Qd2 Rcd8 26. Qc2 Qe7 27. Nc4 f6 28. Re4 fxe5 29. Rxe5 Qf6 30. Rxe8+ Rxe8 31. Qb3 Kg7 32. Re1 Rxe1+ 33. Nxe1 Qg5 34. Qf3 Qe7 35. Ne3 b6 36. N1c2 Qe5 37. Qd1 Qe4 38. Qd4+ Qxd4 39. Nxd4 c5 40. bxc5 bxc5 41. Nc6 a6 42. Nxd5 Nxd5 43. Kf1 Kf6 44. Nb8 Ke5 45. Nxa6 Kd4 46. Ke2 Kc4 47. g3 Nc3+ 48. Ke3 Nb5 49. f4 Nxa3 50. Ke4 Nb5 51. g4 Nd4 52. f5 gxf5+ 53. gxf5 Kb5 54. Nc7+ Kc6 55. Ne8 h6 56. Nf6 Kd6 57. h4 Ne2 58. Ng4 Ng3+ 59. Kf4 Nh5+ 60. Kf3 Kd5 61. Nxh6 Ke5 62. Kg4 Nf6+ 63. Kg5 Ne4+ 64. Kg6 c4 65. Ng4+ Kf4 66. f6 Nd6 67. Nf2 Ke3 68. Nd1+ Kd2 69. h5 Kxd1 70. h6 c3 71. h7 c2 72. h8Q c1Q 1/2-1/2

[Event "CZE-chT2C 1112"]
[Site "Czech Republic"]
[Date "2012.03.25"]
[Round "10.6"]
[White "Kaplan, Daniel"]
[Black "Vrkota, Milos"]
[Result "1/2-1/2"]
[WhiteElo "2074"]
[BlackElo "2073"]
[PlyCount "52"]
[EventDate "2011.10.09"]
[EventType "team-tourn"]
[EventRounds "11"]
[EventCountry "CZE"]
[SourceTitle "EXT 2013"]
[Source "ChessBase"]
[SourceDate "2012.11.22"]
[SourceVersion "1"]
[SourceVersionDate "2012.11.22"]
[SourceQuality "1"]
[WhiteTeam "Kolin"]
[BlackTeam "Kutna Hora"]
[WhiteTeamCountry "CZE"]
[BlackTeamCountry "CZE"]

1. b3 d5 2. Bb2 c5 3. Nf3 Nc6 4. d4 cxd4 5. Nxd4 e6 6. e3 Nf6 7. Be2 Be7 8. 0-0 0-0 9. c4 Bd7 10. Nc3 dxc4 11. Bxc4 Nxd4 12. Qxd4 Bc6 13. Qxd8 Rfxd8 14. Rfd1 Rxd1+ 15. Rxd1 Rd8 16. Rxd8+ Bxd8 17. Kf1 a6 18. a4 Ba5 19. f3 Bb4 20. Ke2 Kf8 21. e4 Nd7 22. Na2 Bd6 23. h3 Ne5 24. Bxe5 Bxe5 25. Nb4 Bd7 26. Nd3 Bd4 1/2-1/2

[Event "CZE-chT2C 1011"]
[Site "Czech Republic"]
[Date "2011.02.20"]
[Round "8.7"]
[White "Krouzel, Jaroslav"]
[Black "Vrkota, Milos"]
[Result "1/2-1/2"]
[WhiteElo "2213"]
[BlackElo "2079"]
[PlyCount "101"]
[EventDate "2010.10.17"]
[EventType "team-tourn"]
[EventRounds "11"]
[EventCountry "CZE"]
[SourceTitle "EXT 2012"]
[Source "ChessBase"]
[SourceDate "2011.11.24"]
[SourceVersion "1"]
[SourceVersionDate "2011.11.24"]
[SourceQuality "1"]
[WhiteTeam "Pankrac II"]
[BlackTeam "Kutna Hora"]
[WhiteTeamCountry "CZE"]
[BlackTeamCountry "CZE"]

1. d4 d5 2. Nf3 Nf6 3. e3 c6 4. c4 e6 5. Nc3 Nbd7 6. Be2 dxc4 7. Bxc4 b5 8. Bd3 a6 9. 0-0 Bb7 10. e4 c5 11. e5 cxd4 12. exf6 dxc3 13. Qe2 Nxf6 14. a4 b4 15. bxc3 bxc3 16. Rb1 Qc8 17. Bg5 Be7 18. Rfc1 0-0 19. Rb3 Qd7 20. Rbxc3 Nd5 21. Bxh7+ Kxh7 22. Qd3+ Kg8 23. Rc7 Qxa4 24. Rxb7 Bxg5 25. Nxg5 Qh4 26. Qd2 a5 27. g3 Qh6 28. f4 Qg6 29. Re1 a4 30. Rb2 a3 31. Ra2 Rfb8 32. Rea1 Rb1+ 33. Kf2 Rxa1 34. Rxa1 Qf6 35. Ra2 Qc3 36. Ne4 Qc4 37. Qe2 Qd4+ 38. Kg2 Nb4 39. Rd2 Qa7 40. Qg4 Kf8 41. Qh4 f6 42. Nxf6 a2 43. Qh7 Kf7 44. Rd7+ Qxd7 45. Nxd7 a1Q 46. Ne5+ Ke7 47. Qxg7+ Kd6 48. Qd7+ Kc5 49. Qc7+ Kb5 50. Qb7+ Kc5 51. Qc7+ 1/2-1/2